Post-war security transitions : (Record no. 14840)

000 -LEADER
fixed length control field 01514cam a22003974a 4500
001 - CONTROL NUMBER
control field 16932978
005 - DATE AND TIME OF LATEST TRANSACTION
control field 20170105102905.0
008 - FIXED-LENGTH DATA ELEMENTS--GENERAL INFORMATION
fixed length control field 110824s2012 enk b 001 0 eng
010 ## - LIBRARY OF CONGRESS CONTROL NUMBER
LC control number 2011035480
015 ## - NATIONAL BIBLIOGRAPHY NUMBER
National bibliography number GBB1B2839
Source bnb
016 7# - NATIONAL BIBLIOGRAPHIC AGENCY CONTROL NUMBER
Record control number 015899038
Source Uk
020 ## - INTERNATIONAL STANDARD BOOK NUMBER
International Standard Book Number 9780415680806 (hbk.)
020 ## - INTERNATIONAL STANDARD BOOK NUMBER
International Standard Book Number 0415680808 (hbk.)
020 ## - INTERNATIONAL STANDARD BOOK NUMBER
International Standard Book Number 9780203127469 (ebook)
020 ## - INTERNATIONAL STANDARD BOOK NUMBER
International Standard Book Number 0203127463 (ebook)
035 ## - SYSTEM CONTROL NUMBER
System control number (OCoLC)ocn706022707
040 ## - CATALOGING SOURCE
Original cataloging agency DLC
Transcribing agency DLC
Modifying agency YDX
-- BTCTA
-- YDXCP
-- UKMGB
-- CDX
-- BWX
-- E7B
-- OCLCQ
-- COO
-- DLC
042 ## - AUTHENTICATION CODE
Authentication code pcc
050 00 - LIBRARY OF CONGRESS CALL NUMBER
Classification number JZ5538
Item number .P678 2012
082 00 - DEWEY DECIMAL CLASSIFICATION NUMBER
Classification number 327.1/72
Edition number 23
245 00 - TITLE STATEMENT
Title Post-war security transitions :
Remainder of title participatory peacebuilding after asymmetric conflicts /
Statement of responsibility, etc. edited by Véronique Dudouet, Hans Giessmann and Katrin Planta.
260 ## - PUBLICATION, DISTRIBUTION, ETC.
Place of publication, distribution, etc. London ;
-- New York :
Name of publisher, distributor, etc. Routledge,
Date of publication, distribution, etc. 2012.
300 ## - PHYSICAL DESCRIPTION
Extent xxii, 280 p. ;
Dimensions 24 cm.
490 1# - SERIES STATEMENT
Series statement Routledge studies in peace and conflict resolution
504 ## - BIBLIOGRAPHY, ETC. NOTE
Bibliography, etc. note Includes bibliographical references and index.
650 #0 - SUBJECT ADDED ENTRY--TOPICAL TERM
Topical term or geographic name entry element Peace-building
General subdivision History
Chronological subdivision 20th century.
650 #0 - SUBJECT ADDED ENTRY--TOPICAL TERM
Topical term or geographic name entry element Peace-building
Form subdivision Cross-cultural studies.
650 #0 - SUBJECT ADDED ENTRY--TOPICAL TERM
Topical term or geographic name entry element Peace-building
Form subdivision Case studies.
700 1# - ADDED ENTRY--PERSONAL NAME
Personal name Dudouet, Veronique.
700 1# - ADDED ENTRY--PERSONAL NAME
Personal name Giessmann, Hans-Joachim.
700 1# - ADDED ENTRY--PERSONAL NAME
Personal name Planta, Katrin,
Dates associated with a name 1982-
830 #0 - SERIES ADDED ENTRY--UNIFORM TITLE
Uniform title Routledge studies in peace and conflict resolution.
906 ## - LOCAL DATA ELEMENT F, LDF (RLIN)
a 7
b cbc
c orignew
d 1
e ecip
f 20
g y-gencatlg
942 ## - ADDED ENTRY ELEMENTS (KOHA)
Source of classification or shelving scheme
Koha item type Book
Holdings
Withdrawn status Lost status Damaged status Not for loan Collection code Permanent Location Current Location Shelving location Date acquired Total Checkouts Full call number Barcode Date last seen Date last checked out Price effective from Koha item type
          Centre for International Peace & Stability (CIPS) Centre for International Peace & Stability (CIPS) General Stacks 10/01/2013 2 327.172 POS 2012 CIPS0001442 10/18/2022 09/07/2022 10/22/2013 Book
© 2023 Central Library, National University of Sciences and Technology. All Rights Reserved.